000 00812nam a2200241 a 4500
001 000025032
005 20240305125740.0
008 110209s2000 dr 000 0 spa d
020 _a9993481009
040 _aDO-SdBNP
_bspa
_cBNPHU
082 _a923.57293
_bC111h, 2000
100 1 _aHamlet, Hermann,
_d1934-2016
_936649
245 1 0 _aFrancis Caamaño /
_cHamlet Hermann.
250 _a2a ed.
260 _aSanto Domingo :
_bAmigo del Hogar,
_c2000.
300 _a492 p. ;
_c25 cm.
500 _aIncluye notas al pie de las páginas
600 1 4 _aCAAMAÑO DEÑÓ, FRANCISCO ALBERTO,
_d1932-1973
_910026
651 4 _aRepública Dominicana
_xHistoria
_yREVOLUCIÓN, 1965
_92167
650 4 _aGuerrillas
_zRepública Dominicana
_xHistoria
_97270
910 _aValidado. Control de calidad BNPHU
049 _aBNPD
999 _c24525
_d24525